| 000 | 00562nam a22002057a 4500 | ||
|---|---|---|---|
| 999 |
_c443244 _d443244 |
||
| 003 | UA-OsUOA | ||
| 005 | 20191210120547.0 | ||
| 008 | 191210b un ||||| |||| 00| 0 ukr d | ||
| 040 |
_aUA-OsUOA _bukr _cUA-OsUOA _dUA-OsUOA |
||
| 041 | _aukr | ||
| 080 | _a821.161.1 | ||
| 090 |
_a821.161.1 _bБ73 |
||
| 100 | _aБогданов Н | ||
| 245 |
_aПартия свободных ребят _bповесть _cН. Богданов |
||
| 260 |
_aМосква _bДетгиз _c1963 |
||
| 300 | _a189 с. | ||
| 650 | _a821.161.1 | ||
| 942 |
_2udc _cBK |
||
| 955 | _a3 | ||